00607cam a2200193 a 45000010009000000050017000090080041000260100017000670200038000840200035001220400013001570410008001700800010001780820014001881000007002021010008002092450129002175040067003461454065920180109040646.0060908s2006 maua b 001 0 eng  a 2006934310 a9780618713127 (main student text) a0618713123 (main student text) aDLCcDLC aeng a159.9 2159.9 BER1 a48 aPSI10aEssentials of psychology /cDouglas Bernstein and Peggy W. Nash, with Alison Clarke-Stewart, Louis A. Penner, Edward J. Roy. aIncludes bibliographical references ( p. A15 - A97) and index.